| 000 | 00458nam a2200169Ia 4500 | ||
|---|---|---|---|
| 008 | 130318s9999 xx 000 0 und d | ||
| 020 | _a9788177589276 | ||
| 082 | _a004.65 COM/C | ||
| 100 | _aComer, Douglas E | ||
| 245 | _aComputer networks and internets with internet applications | ||
| 250 | _a4 | ||
| 260 |
_bPearson Education _aNew Delhi _c2008 |
||
| 300 |
_a589 _e1 CD |
||
| 650 | _aCOMPUTER NETWORKS | ||
| 650 | _aINTERNET | ||
| 700 | _aNarayanan, M S | ||
| 999 |
_c1559 _d1559 |
||